A àrvore (Registo nº 48766)

Detalhes MARC
000 -Etiqueta do registo
campo de controlo de comprimento fixo 010060000a22002650004500
001 - Identificador do registo
Campo de controlo 48766
100 ## - Dados Gerais de Proc.
Dados gerais de processamento 20030130d1987 a||y0pory5003 ba
101 0# - Língua da publicação
Língua do texto, banda sonora, etc. Português
102 ## - País de Publicação
País de publicação Portugal
200 1# - Título
Título próprio A àrvore
Primeira menção de responsabilidade Sophia de Mello Breyner Andresen
205 ## - Menção da edição
Menção da edição 3ª. ed.
210 ## - Publicação, Distribuição
Lugar da edição, distribuição, etc. [Porto]
Nome do editor, distribuidor, etc. Figueirinhas
Data da publicação, distribuição, etc. 1987
215 ## - Descrição física
Descrição física 47, [4] p
Dimensões 16 cm
300 ## - Notas gerais
Texto da nota Livro recomendado pelo PNL
606 ## - Nome comum
Koha Internal code 2126
Elemento de entrada Literatura juvenil
Subdivisão de assunto Conto
675 ## - CDU
Notação 821.134.3-34
Edição BN
Língua da edição Português
700 #1 - Responsabilidade principal
Koha Internal Code 50173
Palavra de ordem Andresen
Outra parte do nome Sofia de Melo Breyner
Datas 1919-2004
090 ## - Números de controlo do sistema (Koha)
Número biblioitem do Koha (gerado automaticamente) 48766
942 ## - Elementos de entrada adicionados (Koha)
Tipo de item no Koha Monografias
Suprimido Disponível no OPAC
999 ## - Campo local
Campo local 48766
Exemplares
Removido (estado) Perdido (estado) Data de aquisição Origem do registo (biblioteca) (codificado) Código da organização que empresta ou é detentora (biblioteca) Localização da prateleira Código de barras Número de inventário Cota Tipo de circulação (não pode ser emprestado) Tipo de item e material
Disponível Disponível 2003-01-30 Biblioteca EB23 D. Paio Peres Correia Biblioteca EB23 D. Paio Peres Correia Plano Nacional de Leitura – 2.º Ciclo BEBDPPC2171 2171 82-34 AND Normal Monografias
Disponível Disponível 2012-05-14 Biblioteca EB23 D. Paio Peres Correia Biblioteca EB23 D. Paio Peres Correia Plano Nacional de Leitura – 2.º Ciclo BEBDPPC2172 2172 82-34 AND Normal Monografias
Disponível Disponível 2012-05-14 Biblioteca EB23 D. Paio Peres Correia Biblioteca EB23 D. Paio Peres Correia Plano Nacional de Leitura – 2.º Ciclo BEBDPPC2173 2173 82-34 AND Normal Monografias
Disponível Disponível 2012-05-14 Biblioteca EB23 D. Paio Peres Correia Biblioteca EB23 D. Paio Peres Correia Plano Nacional de Leitura – 2.º Ciclo BEBDPPC2174 2174 82-34 AND Normal Monografias
Disponível Disponível 2012-05-14 Biblioteca EB23 D. Paio Peres Correia Biblioteca EB23 D. Paio Peres Correia Plano Nacional de Leitura – 2.º Ciclo BEBDPPC2175 2175 82-34 AND Normal Monografias
Disponível Disponível 2012-05-15 Biblioteca EB23 D. Paio Peres Correia Biblioteca EB23 D. Paio Peres Correia Plano Nacional de Leitura – 2.º Ciclo BEBDPPC2176 2176 82-34 AND Normal Monografias